1677 1135 1325 1831 1686 1921 1725 1818 1293 1241 1370 1511 1278 1853 1315 1504 1936 1321 1935 1531 1156 1406 1231 1716 1951 1169 1671 1947 1115 1433 1928 1424 1576 1123 1897 1129 1105 1935 1759 1861 1606 1028 1711 1227 1775 1256 1597 1565 1425 1682 1343 1374 1347 1785 1958 1814 1676 1842 1819 1213 1729 1294 1150 1498 1548 1897 1993 1340 1579 1444 1771 1100 1101 1834 1010 1513 1516 1065 1667 1241 1744 1106 1407 1075 1571 1522 1778 1789 1565 1799 1669 1315 1118 1851 1945 1000 1228 1424 1554 BCNSPRNW ULIB Ver.6.0+V

เปลี่ยนเป็นภาษาไทย

Change to English
 แสดงรายละเอียดบรรณานุกรม
  กลับหน้าหลัก

Brief Record : Get Marc (ISO 2709) : E-mail record : QR code < ปิดหน้าต่าง
LEADER : 00000nam 2200000uu 4500
001    13399120971
003     ULIB
008    121029s2550||||th 000 0 tha d
020    ^a9749507215
050 04 ^aWS105^bศ243จ 2550
100 0  ^aศรีเรือน แก้วกังวาล
245 10 ^aจิตวิทยาเด็กที่มีลักษณะพิเศษ /^cโดย ศรีเรือน แก้วกังวาล
250    ^aพิมพ์ครั้งที่ 5
260    ^aกรุงเทพฯ :^bหมอชาวบ้าน,^c2550
300    ^a[30], 406 หน้า :^bภาพประกอบ ;^c21 ซม.
650  7 ^aจิตวิทยาเด็ก
650  7 ^aเด็กพิเศษ^xแง่จิตวิทยา
650  7 ^aเด็กปัญญาอ่อน
650  7 ^aเด็กออทิสติก
650  7 ^aอารมณ์
945    ^p350^l0^i16179
995    ^aกัณชพร
999 ^a ใช้งานได้ทุกระบบ
รายการนี้ยังไม่มีแท็ก
คุณยังไม่ได้ล็อกอิน คุณสามารถมีกิจกรรมร่วมกับเว็บไซต์ได้ แต่ต้องล็อกอินก่อน ::
  ล็อกอิน

รายการสื่อสารสนเทศ

ลำดับที่ ประเภท เลขเรียก/บาร์โค้ด สถานที่ สถานะ
- ไม่พบข้อมูล -

รายการใกล้เคียง
    ผู้แต่ง [ศรีเรือน แก้วกังวาล]

    หัวเรื่อง [จิตวิทยาเด็ก]
    หัวเรื่อง [เด็กปัญญาอ่อน]
    หัวเรื่อง [เด็กออทิสติก]
    หัวเรื่อง [อารมณ์]

BibComment


ยังไม่เคยถูกคอมเมนท์

คอมเมนท์ทรัพยากรรายการนี้
  คอมเมนท์: จิตวิทยาเด็กที่ม..


 Copyright 2026. Bcnsprnw @Library